000 00437nam a22001697a 4500
003 MACL
005 20210925110206.0
008 210925b |||||||| |||| 00| 0 eng d
040 _cMACL
082 _a327/KUM
100 _aKumar,S.
_979096
245 _aIndia's International Relations With SAARC Countries
260 _aDelhi
_bRupa Publication
_c2018
300 _ap304
650 _aInternational Relaton
_981150
942 _2ddc
_cBK
999 _c64405
_d64405